Foods Close-Ups II Quiz Stats

 Plays Quiz Updated Jul 18, 2016

Also try: Food Close-Ups
Challenge
Share
Tweet
Score 0/15 Timer 04:00
1 Play Today
Food % Correct
Orange
98.5%
Waffle
98.2%
Chocolate Chip Cookie
98.1%
Strawberry Ice Cream
97.6%
Tomato
97.4%
Potato Chips
97.2%
Red Peppers
96.9%
Kiwifruit
96.2%
Food % Correct
Steak
96%
Pretzels
96%
Rice
96%
Broccoli
95.8%
Pineapple
90.8%
Mushrooms
79.1%
Guava
35.5%

You're not logged in!

Compare scores with friends on all Sporcle quizzes.
Join for Free
OR
Log In

You Might Also Like...

Show Comments

Extras

Top Quizzes Today


Score Distribution

Your Account Isn't Verified!

In order to create a playlist on Sporcle, you need to verify the email address you used during registration. Go to your Sporcle Settings to finish the process.

Report this User

Report this user for behavior that violates our Community Guidelines.

Details: